00974 2200181 4500001002100000005001500021035002000036245008600056100002400142250001700166300002800183260003900211082001100250084001700261020002200278650002400300520046800324INLIS00000000000074420241019081624 a0010-10240000371 aEnsiklopedia Fisika 1 :bPengenalan dan Dasar-Dasar Fisika /cWindi Purtanto, dkk0 aWindi Purtanto, dkk aCetakan ke-1 a56 hlm :bIlus ;c25 cm aBekasi :bUranus publishing,c2011 a530.03 a530.03 WIN e a978-602-8637-21-3 4aEnsiklopedia Fisika aSiapa bilang belajar fisika itu susah. Malah, fisika itu sesuatu yang mengasyikan. Belajar fisika akan sangat menyenangkan karena berhubungan erat dengan kehidupan sehari-hari kita. Tahukah kamu tentang E=MC². Rumus terkenal ciptaan enstein ini adalah rumus populer yang banyak membantu manusia memecahkan masalah teknologi dan sains. Nah, selamat membaca ya, dan jangan lupa untuk berani bertanya pada orang tua, guru atau teman kalau ada yang tidak dimengerti.